000 00719cam a22002054a 4500
020 _a0764508318
040 _cDLC
082 0 0 _a006 HUN 2001 A006 Or.
100 1 _aSahlin, Doug.
245 1 0 _aFlash ActionScript for dummies /
260 _aNew York, NY :
_bHungry Minds,
_cc2001.
300 _axxii, 357 p. :
_bill. ;
_c24 cm. +
_e1 computer optical disc (4 3/4 in.)
650 0 _aComputer animation.
650 0 _aWeb sites
650 0 _aActionScript (Computer program language)
856 4 2 _uhttp://www.loc.gov/catdir/bios/wiley045/2001089350.html
856 4 2 _uhttp://www.loc.gov/catdir/description/wiley038/2001089350.html
856 4 1 _uhttp://www.loc.gov/catdir/toc/wiley023/2001089350.html
942 _cEK
999 _c11966
_d11966